000 00753nam a2200253 a 4500
001 60829
003 BD-RjUL
005 20211209080904.0
008 161211r19691968enk 001 0 eng d
035 _a(BD-RjUL) 60953
040 _aBD-RjUL
_dBD-RjUL
_cBD-RjUL
_beng
041 _aeng
082 _223
_a658.542
_bCUW 1969
100 _aCurrie, Russell M
_9171609
245 0 0 _aWork study /
_cRussell M Currie with a foreword by Sir Ewart Smith
250 _a2nd ed.
260 _aLondon :
_bPitman Paper Backs,
_cc1968 [Reprinted 1969]
300 _axvi, 251 p. :
_bill. ;
_c21 cm.
500 _aIncludes index
650 _aJob analysis
_9171602
650 _aWork measurement
_9181304
700 _aSmith, Sir Ewart
_9181305
942 _2ddc
_cBK
999 _c60829
_d60829